Deutsche Fußball-Nationalspieler 2006 - Statistiken

Allgemein
  • Dieses Quiz wurde 198 mal gespielt
  • Das Durchschnittsergebnis liegt bei 16 aus 32
Antwortstatistiken
Hint Antwort % Korrekt
Tor Oliver Kahn
97%
Tor Jens Lehmann
94%
Angriff Miroslav Klose
92%
Abwehr Philipp Lahm
90%
Mittelfeld Bastian Schweinsteiger
89%
Angriff Lukas Podolski
86%
Mittelfeld Michael Ballack
77%
Abwehr Per Mertesacker
76%
Mittelfeld Torsten Frings
65%
Angriff David Odonkor
64%
Abwehr Arne Friedrich
63%
Abwehr Manuel Friedrich
63%
Angriff Oliver Neuville
62%
Abwehr Christoph Metzelder
57%
Tor Timo Hildebrand
57%
Mittelfeld Bernd Schneider
56%
Mittelfeld Tim Borowski
49%
Abwehr Marcell Jansen
43%
Angriff Gerald Asamoah
41%
Angriff Mike Hanke
39%
Abwehr Jens Nowotny
38%
Mittelfeld Sebastian Kehl
35%
Abwehr Robert Huth
32%
Mittelfeld Thomas Hitzlsperger
27%
Mittelfeld Piotr Trochowski
21%
Mittelfeld Sebastian Deisler
21%
Abwehr Clemens Fritz
16%
Abwehr Patrick Owomoyela
16%
Mittelfeld Fabian Ernst
14%
Abwehr Alexander Madlung
6%
Abwehr Malik Fathi
6%
Angriff Jan Schlaudraff
5%
Keine übereinstimmenden Quizze gefunden
Verteilung der Resultate
Anzahl Personen mit jedem Resultat
Perzentil nach korrekt beantworteten Fragen
Ihre Resultats-Entwicklung
Sie haben dieses Quiz noch nicht gespielt